Gaming Quiz

Random Gaming or TV Show Quiz

Dragon Ball Z: Legends Characters Quiz Stats

 Plays Quiz not verified by Sporcle

This quiz is about the 1996 PlayStation video game. Not to be confused with the mobile game released in 2018.
Score 0/35 Timer 04:00
0 Plays Today
% Correct
Super Saiyan Goku
99.6%
Super Saiyan 3 Goku
99.6%
Goku
99.4%
Ultimate Gohan
95.6%
Kid Gohan
95.5%
Vegeta
95.2%
Super Saiyan 2 Gohan
95.2%
Super Saiyan Gohan
95.2%
Super Saiyan Vegeta
94.7%
Majin Vegeta
92.4%
Super Saiyan Kid Trunks
89.9%
Super Saiyan Future Trunks
89%
Majin Buu
86.5%
Super Saiyan Goten
86.2%
Kid Buu
83.1%
Frieza
82.8%
Cell
82.8%
Super Buu
81.4%
% Correct
Android #18
74.4%
Android #17
74.1%
Super Saiyan 3 Gotenks
73.8%
Android #16
72.7%
Krillin
71.8%
Piccolo
71.5%
Android #19
68.2%
Dr. Gero
67.6%
Nappa
64.5%
Captain Ginyu
63.1%
Burter
54.9%
Super Saiyan Vegito
54.6%
Jeice
54.1%
Guldo
52.4%
Recoome
52.1%
Cell Jr.
50.1%
Dabura
44.5%

You're not logged in!

Compare scores with friends on all Sporcle quizzes.
Join for Free
OR
Log In

You Might Also Like...

Show Comments

Extras

Top Quizzes Today


Score Distribution

Your Account Isn't Verified!

In order to create a playlist on Sporcle, you need to verify the email address you used during registration. Go to your Sporcle Settings to finish the process.

Report this User

Report this user for behavior that violates our Community Guidelines.

Details: